Statistics for Movies that are "The" Something

Click here to take the quiz!

General Stats

  • This quiz has been taken 35,807 times
    (14,264 since last reset)
  • The average score is 11 of 19

Answer Stats

DescriptionsMovie% Correct
Woman must escape a killer cyborg from the futureThe Terminator
84%
Three men must piece together the forgetten events of their epic Las Vegas bachelor partyThe Hangover
84%
In the sands of Egypt, a careless reading of ancient texts brings
a preserved corpse back to life
The Mummy
81%
Writer with a bad case of cabin fever tries to kill his wife and telepathic sonThe Shining
81%
Video tape kills those who watch it!The Ring
79%
Head-spinning movie about a priest who must banish an evil spiritThe Exorcist
77%
Italian-American college boy becomes a respected mob leaderThe Godfather
72%
For some reason, all crime is legal for one night a yearThe Purge
66%
Man is surprised to learn that his reality is merely an elaborate computer simulationThe Matrix
65%
Gang of noisy children search for pirate treasure along the Oregon coastThe Goonies
61%
Frontiersman pursues revenge after being attacked by a bear and left for deadThe Revenant
57%
Man has to live in an airport because his country no longer existsThe Terminal
54%
"Bug" causes teleportation experiment to go horribly awryThe Fly
53%
U.S. marshal searches every henhouse, doghouse, and outhouse for a
doctor who was wrongly convicted of murder
The Fugitive
47%
Dueling magicians experiment with teleportationThe Prestige
39%
Harvard Law graduate takes a job with an evil Memphis law firmThe Firm
35%
Mentally-challenged Cajun channels his anger to become a college football legendThe Waterboy
31%
Gifted baseball player damages stadium lighting with game-winning home runThe Natural
19%
Man climbs the corporate ladder by letting his bosses use his apartment as a love nestThe Apartment
18%

Score Distribution

Percentile by Number Answered

Percent of People with Each Score

Your Score History

You have not taken this quiz since the last reset